00699nam a2200241 a 4500001001300000003000900013005001700022008004100039020001000080082001700090100001900107245005300126260003200179300000800211500003500219505001000254650002700264700001900291902000800310942000700318952011700325999001500442nice12345678IN_TiNIC20260116012122.0050524s1933 lona grp 000 0 per  ac10000a297.292bHAR aHarman, Yousuf aAndesha-E-Hai Yahud Ya Taleem-O-Tarbiyat Israel. aLondon bNo Publisherc1933 a87p aincludes index and biblioraphy2 aIndex aIslam-Apologetic Works1 aHarman, Yousuf bSRS cBK 001040708StackRoom-aHMIbHMId2007-07-20g100.00l0o297.292 HARp08700r2007-07-20v100.00w2005-05-24yBK c5720d5720